LEADER 02714nam 2200685 a 450 001 9910457464803321 005 20200520144314.0 010 $a1-283-23890-X 010 $a9786613238900 010 $a1-57387-918-5 035 $a(CKB)2550000000050910 035 $a(OCoLC)756501810 035 $a(CaPaEBR)ebrary10492814 035 $a(SSID)ssj0000533684 035 $a(PQKBManifestationID)12223291 035 $a(PQKBTitleCode)TC0000533684 035 $a(PQKBWorkID)10491902 035 $a(PQKB)10558603 035 $a(MiAaPQ)EBC3316121 035 $a(Au-PeEL)EBL3316121 035 $a(CaPaEBR)ebr10492814 035 $a(CaONFJC)MIL323890 035 $a(EXLCZ)992550000000050910 100 $a20100311d2010 uy 0 101 0 $aeng 135 $aurcn||||||||| 181 $ctxt 182 $cc 183 $acr 200 14$aThe accidental taxonomist$b[electronic resource] /$fHeather Hedden 210 $aMedford, N.J. $cInformation Today$dc2010 215 $a1 online resource (xxx, 473 p.) 300 $aBibliographic Level Mode of Issuance: Monograph 311 $a1-57387-397-7 320 $aIncludes bibliographical references and index. 327 $aWhat are taxonomies? -- Who are taxonomists? -- Creating terms -- Creating relationships -- Software for taxonomy creation and management -- Taxonomies for human indexing -- Taxonomies for automated indexing -- Taxonomy structures -- Taxonomy displays -- Taxonomy planning, design, and creation -- Taxonomy implementation and evolution -- Taxonomy work and the profession. 330 $aThe Accidental Taxonomist is the most comprehensive guide available to the art and science of building information taxonomies. Heather Hedden-one of today's leading writers, instructors, and consultants on indexing and taxonomy topics-walks readers through the process, displaying her trademark ability to present highly technical information in straightforward, comprehensible English. 606 $aInformation organization 606 $aClassification 606 $aIndexing 606 $aSubject headings 606 $aCross references (Information retrieval) 606 $aThesauri 608 $aElectronic books. 615 0$aInformation organization. 615 0$aClassification. 615 0$aIndexing. 615 0$aSubject headings. 615 0$aCross references (Information retrieval) 615 0$aThesauri. 676 $a025 686 $a32.28$2EP-CLASS 700 $aHedden$b Heather$01050359 801 0$bMiAaPQ 801 1$bMiAaPQ 801 2$bMiAaPQ 906 $aBOOK 912 $a9910457464803321 996 $aThe accidental taxonomist$92480066 997 $aUNINA LEADER 01116nam a2200277 i 4500 001 991002547199707536 008 140619s2013 it 001 0 ita d 020 $a8814183953 035 $ab14192330-39ule_inst 040 $aDip. Studi Giuridici$bita 082 0 $a345.450206 100 1 $aCentonze, Alessandro$0472562 245 10$aContiguità mafiose e contiguità criminali /$cAlessandro Centonze 260 $aMilano :$bGiuffrè,$cc2013 300 $aix, 310 p. ;$c24 cm 440 0$aOsservatorio permanente sulla criminalità organizzata ;$v14. 504 $aBibliografia: p. 303-310. 650 4$aConcorso esterno nei reati associativi$zItalia$xDiritto penale 650 4$aCriminalità organizzata$xDiritto penale 650 4$aMafia$xDiritto penale 907 $a.b14192330$b14-07-14$c19-06-14 912 $a991002547199707536 945 $aLE027 345.45 CEN01.01$g1$i2027000327621$lle027$nProf. Caputo$op$pE32.00$q-$rl$sm $t0$u4$v0$w4$x0$y.i15624870$z14-07-14 996 $aContiguità mafiose e contiguità criminali$9259254 997 $aUNISALENTO 998 $ale027$b19-06-14$cm$da $e-$fita$git $h0$i0